000 00443nam a2200181Ia 4500
001 16368
005 20260306170304.0
008 260306t2014||||xx |||||||||||||| ||und||
041 _aESP
082 _a348.54
_bV63
100 _aVidal Ramos, Roger
_eAUT
245 0 _aLa responsabilidad civil por daƱo ambiental en el sistema peruano
260 _c2014
300 _a
_c
650 _aGEN
654 _aCDE
942 _cLIB
_dJUS
_fJUS
_2ddc
_n
999 _c16368
_d16368